Functional operators /

Guardado en:
Autor Principal: Von Neumann, John, 1903-1957.
Formato: Libro
Idioma:English
Publicado: Princeton : Princeton University Press, 1950.
Series:Annals of mathematics studies ; no. 21-22
Etiquetas: Agregar Etiqueta
Sin Etiquetas, Sea el primero en etiquetar este registro!
LEADER 01120nam a22002535a 4500
001 MAT.inmabb000370
008 031210s1950####nju###########000#0#eng#d
005 20170619124144.0
245 1 0 |a Functional operators /  |c by John von Neumann. 
260 |a Princeton :  |b Princeton University Press,  |c 1950. 
300 |a 2 v. ;  |c 26 cm. 
440 0 |a Annals of mathematics studies ;  |v no. 21-22 
500 |a Reedición de las notas del curso sobre "Operator theory" dictado por el autor durante los años académicos 1933-34 y 1934-35 en el Institute for Advanced Study. 
505 0 |a v. 1. Measures and integrals -- v. 2. The geometry of orthogonal spaces. 
510 4 |a MR,  |c MR0032011  |3 (v. 1) 
510 4 |a MR,  |c MR0034514  |3 (v. 2) 
100 1 |a Von Neumann, John,  |d 1903-1957. 
084 |a 47-XX  |2 msc2000 
010 |a  50005481  
859 |h 47  |i V945  |p A-108  |v 1  |3 v. 1  |b BIB. MATEMATICA 
859 |h 47  |i V945  |p A-2144  |t Ej. 2  |v 1  |3 v. 1  |b BIB. MATEMATICA 
859 |h 47  |i V945  |p A-6243  |t Ej. 3  |v 1  |3 v. 1  |b BIB. MATEMATICA 
859 |h 47  |i V945  |p A-2145  |v 2  |3 v. 2  |b BIB. MATEMATICA 
859 |h 47  |i V945  |p A-6244  |t Ej. 2  |v 2  |3 v. 2  |b BIB. MATEMATICA